00680nam a22001937a 450000500170000001000150001702000260003203500170005803700170007508200060009210000250009824500620012326000540018527000390023930000190027894200200029799900190031795201500033620240402112348.0 aENG-139708 a9788192862903c250.00 aB-512363-365 adplbBSB/Ven aN aSolomon Chris964136 aSons of Light:bThe Call of The Servitors/cChris Solomon aPark TownbThe Christian Literature Societyc2014 aPost Box No. 501 bChennaie600003 a332p.c22(Pbk) 2ddccENmSOLhN c201487d201487 001040708NFICaBNbBNd2024-03-14eDelivery of Books Act Divisiong250.00l0oSOL NpEN-123240r2024-03-14 00:00:00t1v250.00w2024-03-14yEN